Communication therories : origins, methods, and uses in the mass media /

Bibliographic Details
Main Author: Severin, Werner J.
Other Authors: Tankard
Format: Book
Published: New York: Longman, 2001.
Edition:Fifth Edition.
Subjects:
LEADER 00639cam a2200217 7i4500
001 0000037483
005 20151104090000.0
005 ##20151104144600.0
003 ##MY-KlINT
020 # # |a 080133350  
039 # 9 |y 201511041446  |z VLOAD 
090 0 0 |a 302.23   |b SEV 
100 1 # |a Severin, Werner J. 
245 1 0 |a Communication therories :   |b origins, methods, and uses in the mass media /   |c by Werner J. Severin and James W. Tankard. 
250 # # |a Fifth Edition. 
260 # # |a New York:   |b Longman,   |c 2001. 
300 # # |a xv, 411p:   |b ill;   |c 23cm. 
500 # # |a Includes index 
650 # 0 |a Communication  
650 # 0 |a Mass media  
700 0 # |a Tankard,   |h James W.